[Event "34th Chess Olympiad (men)"]
[Site "Istanbul"]
[Date "2000.11.04"]
[Round "7.23.2"]
[White "Sanduleac, Vasile"]
[Black "Karttunen, Mika"]
[WhiteElo "2438"]
[BlackElo "2399"]
[WhiteCountry "MDA"]
[BlackCountry "FIN"]
[Result "1/2-1/2"]

1. e4 c6 2. d4 d5 3. Nd2 dxe4 4. Nxe4 Nf6 5. Nxf6+ gxf6 6. g3 Qd5 7. Nf3 Bf5 
8. c3 Nd7 9. Bg2 Qc4 10. Qb3 Nb6 11. Qxc4 Nxc4 12. O-O e6 13. Re1 O-O-O 
14. Bf1 Nb6 15. Nh4 Bc2 16. Bd2 c5 17. Be3 Nd5 18. Rac1 Nxe3 19. fxe3 Be4 
20. Rcd1 Be7 21. Bg2 Bxg2 22. Nxg2 Rd6 23. Kf2 Rhd8 24. Ke2 Ra6 25. a3 b5 
26. Nf4 f5 27. Nd3 c4 28. Nf2 Rad6 29. Rf1 Rd5 30. Nh3 f6 31. Rf4 Bd6 
32. Rh4 Rd7 33. Rf1 Rf7 34. Rf2 Bc7 35. Rh6 Kd8 36. Rg2 Ke7 37. Nf2 Rd8 
38. Rh5 Rd5 39. Rh4 Rg7 40. Rg1 Rd8 41. Kf3 Bd6 42. Re1 Kf7 43. e4 fxe4+ 
44. Rhxe4 Re8 45. Nh3 e5 46. dxe5 Bxe5 47. Rd1 a6 48. Nf4 Rgg8 49. Rd7+ Re7 
50. Rxe7+ Kxe7 51. Nd5+ Kd6 52. Ne3 Ke6 53. Ng4 Rd8 54. Nxe5 fxe5 55. Ke2 Kf5 
56. Rh4 Kg6 57. a4 h5 58. axb5 
1/2-1/2

[Event "34th Chess Olympiad (men)"]
[Site "Istanbul"]
[Date "2000.11.04"]
[Round "7.23.4"]
[White "Khruschiov, Alexey"]
[Black "Nouro, Mikael"]
[WhiteElo "2381"]
[BlackElo "2397"]
[WhiteCountry "MDA"]
[BlackCountry "FIN"]
[Result "1/2-1/2"]

1. e4 e5 2. Nf3 Nf6 3. d4 Nxe4 4. Bd3 d5 5. Nxe5 Nd7 6. Nxd7 Bxd7 7. O-O Bd6 
8. c4 c6 9. cxd5 cxd5 10. Qh5 O-O 11. Qxd5 Bc6 12. Qh5 g6 13. Qh3 Ng5 
14. Qg4 Ne6 15. Nc3 Nxd4 16. Bg5 Qa5 17. Bf6 Be5 18. Qg5 Rae8 19. Rfe1 Nf5 
20. Bxf5 Bxf6 21. Qxf6 Qxf5 22. Qxf5 gxf5 23. f4 Re6 24. Kf2 Rfe8 25. g3 Kg7 
26. Rxe6 fxe6 
1/2-1/2

[Event "34th Chess Olympiad (men)"]
[Site "Istanbul"]
[Date "2000.11.04"]
[Round "7.24.1"]
[White "Danner, Georg"]
[Black "Dao, Thien Hai"]
[WhiteElo "2437"]
[BlackElo "2555"]
[WhiteCountry "AUT"]
[BlackCountry "VIE"]
[Result "1/2-1/2"]

1. d4 Nf6 2. Nf3 e6 3. e3 b6 4. Bd3 Bb7 5. O-O Be7 6. c4 O-O 7. Nc3 d5 8. b3
Nbd7 (8... c5 9. Bb2 cxd4 (9... Nbd7) (9... Nc6) 10. Nxd4 (10. exd4 Nc6 11. Rc1
Rc8 12. Re1 Re8 13. Ne5 dxc4 14. Nxc6 Bxc6 15. bxc4 Bf8 16. Bc2 Qd6 17. Qd3 g6
18. Rcd1 Bg7 19. h3 a6 20. Bb3 Bb7 21. d5 exd5 22. Nxd5 Nxd5 23. Bxg7 Kxg7 {
1/2-1/2, Keres-Andersson, Tallinn 1973}) 10... dxc4 11. Bxc4 a6 12. Be2 b5 13.
Bf3 Ra7 14. Bxb7 Rxb7 15. Qf3 Rd7 16. a4 bxa4 17. Nxa4 Qc7 18. Rfc1 Qb7 19. Nc5
Qxf3 20. gxf3 Bxc5 21. Rxc5 h6 22. Kg2 Rb7 23. f4 Kh7 24. Rac1 Rd8 25. R1c2 Ne4
26. Rc7 Rd7 27. Rxb7 Rxb7 28. Ba3 g5 {
1/2-1/2, Petrosjan-Karpow, San Antonio 1972}) 9. Bb2 (9. Qe2 $5) 9... a6 (9...
c5 10. cxd5 (10. Qe2 cxd4 11. exd4 g6 12. Rad1 Nh5 13. Qe3 Rc8 14. Ne2 Re8 15.
Ne5 dxc4 16. Bxc4 Nhf6 17. Nf4 Bf8 18. Nxf7 Kxf7 19. Nxe6 Rxe6 20. Qxe6+ Kg7
21. Qf7+ Kh8 22. Rfe1 b5 23. Be6 Rc7 24. d5 Ne5 25. Qxf6+ {
1-0, Taimanow-Ostojic, Reykjavik 1968}) 10... cxd4 $6 (10... exd5 $142) 11.
Nxd4 Nxd5 (11... exd5 $14) 12. Nxd5 Bxd5 13. Bb5 $1 (13. Qh5) (13. Rc1) 13...
Nf6 (13... Bf6 14. Bc6 $1 Bxc6 (14... Bxd4 15. Qxd4 $18) (14... Rc8 15. Bxd5
exd5 $14) 15. Nxc6 Qc7 (15... Qe8 16. Bxf6 Nxf6 17. Qd6 $14) 16. Rc1 Qb7 (16...
Nc5 17. Bxf6 gxf6 (17... Qxc6 18. Qg4 g6 19. Qg5 $18) 18. Qg4+ Kh8 19. Qh4 $1
Qxc6 (19... Kg7 20. Rc4 $18) 20. Qxf6+ Kg8 21. Rc4 Ne4 (21... h5 22. Qg5+ $18)
(21... Rfc8 22. Rg4+ Kf8 23. Rg7 Qc7 24. Rxh7 Ke8 25. Rd1 $18) 22. Qh4 $18) 17.
Qf3 Kh8 18. Bxf6 Nxf6 19. Rfd1 $14) 14. Nc6 Bxc6 15. Bxc6 Rc8 (15... Qxd1 16.
Rfxd1 Rac8 17. Rac1 $14) 16. Rc1 Bc5 17. Qf3 (17. Qxd8 Rfxd8 18. Bf3 Nd5 (18...
Rd2 $2 19. Bxf6 gxf6 20. b4 $18) 19. a3 a5 20. Rfd1 $14) 17... Qe7 18. Rc4 Rfd8
$1 $11 {Kosic-Mackic, Jugoslawien 1998 (1-0; 48).}) 10. Qe2 (10. Rc1 Ne4 (10...
c5 $5 $14 {Gelfand, Kapengut}) 11. Qc2 f5 12. Ne2 Bd6 13. Ne5 Bxe5 $2 (13...
Rc8 $5 $14) 14. dxe5 Ndc5 15. cxd5 $5 $16 (15. Nf4 $5 $16) 15... Nxd3 (15...
exd5 16. Bxe4 fxe4 17. Ba3 $1 $18) (15... Bxd5 16. Nf4 $16) 16. Qxd3 Bxd5 (
16... exd5 17. Nf4 $16) 17. Nf4 Nc5 18. Qc3 (18. Qc2 $5 Be4 19. Qc3) 18... Rf7
(18... a5 19. Ba3 $18) 19. Ba3 Ne4 (19... Nb7 20. Rfd1 $16) 20. Qc2 Rd7 21. f3
Ng5 22. Nxd5 (22. h4 Nf7 23. e4 Bb7 $1 24. Nxe6 Qxh4 $132) 22... Rxd5 23. Qxc7
$18 {Gelfand-Short, Bruessel (m6) 1991  (1-0; 35)}) 10... Ne4 11. Ne5 (11. Rfd1
Ndf6 12. Ne5 Nxc3 13. Bxc3 c5 14. Rac1 Bd6 15. dxc5 bxc5 16. Ng4 Nd7 17. cxd5
exd5 18. Nh6+ gxh6 19. Qg4+ Qg5 20. Qxd7 Qe7 21. Qh3 f6 22. Qxh6 Rac8 23. Bf5
Rce8 24. Qh3 Rf7 25. Bg4 Rg7 26. Bf3 Rd8 27. Ba5 Rd7 28. b4 c4 29. Bg4 f5 30.
Bxf5 d4 31. Bxd7 Bxg2 32. Qe6+ Kh8 33. Qxe7 Bxe7 34. Rxd4 Bh3+ 35. Rg4 Bxg4 36.
Bxg4 Rxg4+ 37. Kf1 Bf6 38. f4 c3 39. b5 axb5 40. Bxc3 {
Cholmow-Furman, Moskau 1969 (1-0; 40)}) (11. Rac1 Bd6 12. Nd2 f5 13. f4 Nxd2
14. Qxd2 Qe7 15. Na4 c6 16. Qc2 b5 17. cxb5 axb5 18. Nc3 b4 19. Na4 Ba6 20. Qe2
Bxd3 21. Qxd3 c5 22. dxc5 Nxc5 23. Nxc5 Bxc5 24. Rf2 Ra5 25. Bd4 Qa7 26. Rxc5
Rxc5 27. Rc2 Rfc8 28. Qb5 Rxc2 29. Bxa7 Rxa2 30. Bc5 h6 31. h4 Kh7 32. h5 {
Kotow-Cholmow, UdSSR 1971 (1-0; 32)}) 11... Bb4 12. Nxd7 Qxd7 13. Rac1 Nxc3
1/2-1/2

[Event "34th Chess Olympiad (men)"]
[Site "Istanbul"]
[Date "2000.11.04"]
[Round "7.24.2"]
[White "Tu Hoang, Thai"]
[Black "Sommerbauer, Norbert"]
[WhiteElo "2335"]
[BlackElo "2391"]
[WhiteCountry "VIE"]
[BlackCountry "AUT"]
[Result "1/2-1/2"]

1. d4 d5 2. Nf3 e6 3. c4 dxc4 4. Qa4+ c6 (4... Nd7 5. e4 c5 6. Bxc4 cxd4 7.
Nxd4 Qb6 $5 8. Nb3 Bd6 9. Be3 Qc7 10. Nc3 a6 11. Rc1 $14 {
Piket,J-Lautier,J/Match, Monaco 1996}) (4... Nc6 5. Qxc4 Nf6 6. g3 Qd5 7. Qd3
Nb4 $1 (7... Qf5 {- 69/(443)}) 8. Qd1 Qe4 9. Na3 Bd7 $146 (9... Nc6) 10. Bg2
Bc6 11. O-O h6 12. Bf4 Nbd5 13. Bd2 Bxa3 14. bxa3 O-O 15. e3 Rfd8 16. Qb3 Nd7
17. Rfe1 Qh7 18. Rac1 N5b6 19. Bb4 Bd5 20. Qb2 a5 21. Bd2 Nc4 $11 {
Kobalija,M-Dokuchaev,A/Russia 73/(548) 1998/Inf 73 (21)}) 5. Qxc4 Nf6 6. Nc3 (
6. Bg5) 6... b5 7. Qb3 (7. Qd3) 7... Nbd7 8. a3 (8. Bg5) 8... a6 9. e4 c5 10.
e5 cxd4 11. Nxb5 Ne4 12. Nbxd4 Qa5+ 13. Nd2 Nxe5 14. f3 Bc5 15. Qe3 Nxd2 16.
Bxd2 1/2-1/2

[Event "34th Chess Olympiad (men)"]
[Site "Istanbul"]
[Date "2000.11.04"]
[Round "7.24.3"]
[White "Miniboeck, Guenter"]
[Black "To, Quoc Khanh"]
[WhiteElo "2413"]
[BlackElo "2000"]
[WhiteCountry "AUT"]
[BlackCountry "VIE"]
[Result "1-0"]

1. d4 Nf6 2. c4 c5 3. d5 b5 4. cxb5 a6 5. bxa6 Bxa6 6. Nc3 g6 7. f4 d6 8. Nf3
Bg7 9. e4 O-O (9... Bxf1) 10. Bxa6 (10. e5 dxe5 11. fxe5 Ng4 12. Bf4 Bxf1 13.
Rxf1 Nd7 14. Qe2 Qb8 15. O-O-O Qb4 16. g3 Rfb8 17. Rd2 Nb6 18. e6 f5 19. Bxb8
Nc4 20. d6 Bxc3 21. dxe7 Bxd2+ 22. Qxd2 Qxb8 23. Qc3 Rxa2 24. e8=Q+ Qxe8 25.
Qxc4 Ra4 26. Qd3 Qxe6 27. Kd2 Nxh2 28. Qd8+ Kg7 29. Qc7+ Kh6 30. Rh1 Qd5+ 31.
Kc2 Rc4+ {0-1 Murrey,J-Gurevich,D/Hastings 1982/Inf 35 (31)}) 10... Nxa6 11.
O-O Qb6 12. e5 (12. Qe2 Nb4 13. a3 Qa6 14. Qxa6 Rxa6 15. Bd2 Nd3 16. Rab1 Nd7
17. e5 dxe5 18. fxe5 N7xe5 19. Bg5 Re8 20. Nxe5 Bxe5 21. Rf3 c4 22. Nd1 f6 23.
Bd2 Rb8 24. Rxd3 cxd3 25. Bb4 Rd8 26. Bxe7 Rxd5 27. Bb4 d2 {
0-1 Estevez,G-Sax,G/Reggio Emilia 1974/Inf 18 (27)}) 12... Ng4 (12... dxe5 13.
fxe5 Nd7 14. Qe2 e6 15. Bg5 h6 (15... Nb4 16. Be7 Rfe8 17. d6 Nc6 18. Ng5 Nxe7
19. Rxf7 Bxe5 20. Rxe7 Qxd6 21. Rxh7 Bf6 22. Rd1 Bd4+ 23. Kh1 Nf8 24. Qf3 {
1-0 Bach,M-Kapischka,J/Germany 1996/GER-chT2 (24)}) 16. Be7 Rfe8 17. d6 Nb4 18.
Ne4 Nd5 19. Nf6+ N7xf6 20. exf6 Nxe7 21. d7 Red8 22. fxg7 Kxg7 23. Ne5 f6 24.
Ng4 Nf5 25. Qd2 Qb4 26. Qxb4 cxb4 27. Rf4 b3 28. a4 Rxd7 29. Rb4 h5 30. Nf2 Nd4
31. Rd1 Rad8 32. Kf1 f5 33. a5 Nc6 34. Rxd7+ Rxd7 35. Rxb3 Nxa5 36. Rb6 Kf6 37.
b3 Rb7 38. Rxb7 Nxb7 39. Ke2 e5 40. Kd3 Ke6 41. Kc4 f4 42. b4 g5 43. b5 Nd6+
44. Kc5 g4 45. b6 f3 46. gxf3 gxf3 47. h4 e4 48. Kd4 Kf5 49. Nxe4 Nxe4 50. b7
f2 {1/2-1/2 Bach,M-Kapischka,J/Germany 1995/GER-chT2 (50)}) 13. Qe2 Nc7 14. h3
(14. a4 Rfd8 15. Ng5 Nh6 (15... c4+ 16. Kh1 Nh6 17. e6 fxe6 18. Nxe6 Nxe6 19.
Qxe6+ Kh8 20. Re1 $16) 16. e6 Bd4+ 17. Kh1 f6 18. Nf7 Nxf7 19. exf7+ Kxf7 20.
f5 Bxc3 21. bxc3 Qb3 22. c4 $11) (14. Ng5 Nh6 15. Qe4 f5 16. Qe2 Rfd8 17. Rd1
Ng4 18. Nf3 e6 (18... c4+ 19. Kf1 Qc5 20. h3 Nh6 21. Be3 Qb4 22. Nd4 $18) 19.
h3) 14... Nh6 15. g4 (15. Qc4 $5 Nf5 16. Ne4 $16) 15... Rad8 16. Rd1 $16 Qb7
17. Be3 (17. Qc4 e6 18. exd6 Rxd6 19. Qxc5 $16) 17... Rfe8 18. Qg2 $1 e6 $2 (
18... Ra8 19. Qd2 Reb8 20. b3 Qb4 21. Rac1 $16) 19. dxe6 $18 Rxe6 (19... dxe5
20. Rxd8 Rxd8 21. e7 Rb8 22. Rd1 $18) 20. Ng5 Qxg2+ 21. Kxg2 Ree8 22. exd6 Na6
23. Kf3 f6 24. Nge4 f5 25. Ng3 fxg4+ 26. hxg4 Nxg4 27. Bxc5 Nxc5 28. Kxg4 Re3
29. Nd5 Rd3 30. Rxd3 Nxd3 31. Ne4 Bf8 32. Ne7+ Kf7 33. Nc6 h5+ 34. Kf3 Ra8 35.
d7 Be7 36. Rd1 Nxb2 37. d8=Q Bxd8 38. Rxd8 Rxa2 39. Rd7+ Kf8 40. Ne5 Ra3+ 41.
Kg2 h4 42. Nxg6+ 1-0

[Event "34th Chess Olympiad (men)"]
[Site "Istanbul"]
[Date "2000.11.04"]
[Round "7.24.4"]
[White "Nguyen, Thanh Son"]
[Black "Hoelzl, Franz"]
[WhiteElo "2000"]
[BlackElo "2394"]
[WhiteCountry "VIE"]
[BlackCountry "AUT"]
[Result "1-0"]

1. e4 c5 2. Nf3 d6 3. d4 cxd4 4. Nxd4 Nf6 5. Nc3 a6 6. Bc4 e6 7. Bb3 Nbd7 8.
Be3 Nc5 9. f3 b5 10. Qd2 Bb7 11. O-O-O Be7 12. g4 (12. Kb1 O-O 13. a3 Nxb3 14.
Nxb3 Rc8 15. g4 Ba8 16. Rhg1 Nd7 17. Qf2 Rxc3 18. bxc3 Qc7 19. g5 d5 20. exd5
Bxd5 21. Rxd5 exd5 22. Bd4 Bd6 23. h4 Ne5 24. h5 Nc6 25. Bc5 Re8 26. h6 Bh2 27.
Rh1 Bg3 28. Qd2 Na5 29. Bd4 Nc4 30. Qd3 g6 31. Bc5 Qe5 32. Rd1 Qxg5 33. Qxd5
Qxd5 34. Rxd5 Bf4 35. Rd7 Bxh6 36. Ra7 Bg7 37. Nd4 Rc8 38. Bb4 a5 39. Bxa5
Nxa3+ 40. Kc1 Bxd4 41. cxd4 Nxc2 {
0-1 Tomescu,V-Berezin,O/Bucharest 1998/EXT 99 (41)}) 12... O-O 13. Kb1 (13. g5
Nfd7 14. a3 (14. h4 Rc8 15. Kb1 b4 16. Nce2 a5 17. g6 hxg6 18. h5 g5 19. h6 g6
20. h7+ Kh8 21. Rh6 Ne5 22. a4 bxa3 23. Rg1 Nxb3 24. cxb3 Nxf3 25. Nxf3 Bxe4+
26. Ka2 Bxf3 27. Nd4 Bd5 {0-1 Frolov,A-Pobochij,A/Ufa 1999/CBM 70 ext (27)})
14... Ne5 15. Ba2 a5 16. Ncxb5 Rb8 17. Qe2 Qb6 18. a4 Rfc8 19. Nb3 d5 20. exd5
Bxd5 21. Rxd5 exd5 22. Bxc5 Bxc5 23. Qxe5 Re8 24. Qc3 Bb4 25. Qd4 Qg6 26. Rd1
Re2 27. Qd3 Qxg5+ 28. Kb1 Rxh2 29. N3d4 Re8 30. Nc3 Bxc3 31. bxc3 Rb8+ 32. Nb5
h5 33. Bxd5 h4 34. Bb3 Qg2 35. Qf5 Rf8 36. Bxf7+ {
1-0 Minic,D-Planinc,A/Novi Travnik 1969/EXT 2000 (36)}) 13... Nxb3 14. axb3 b4
$5 (14... Rc8) 15. Na4 a5 (15... d5 $5 16. g5 Nd7 17. exd5 Bxd5 18. Rhe1 $15)
16. h4 Nd7 (16... Rc8 $5) 17. Qh2 Qb8 $11 (17... Rc8 $5 $15) 18. g5 d5 19. Bf4
$1 Qc8 20. e5 $14 Bc6 21. h5 (21. g6 $5 fxg6 (21... Bxa4 22. gxh7+ Kxh7 23.
bxa4 Nc5 24. b3 $16) 22. Qh3 $11) 21... Bxa4 22. g6 h6 23. bxa4 Nc5 24. b3 f6
25. Rhe1 Qd7 26. exf6 Rxf6 27. Qd2 Raf8 $2 (27... Rc8 28. Be5 Rff8 $15) 28. Be5
$16 Rf5 (28... Rxf3 29. Nxf3 Rxf3 30. Qe2 Rf5 31. Rf1 $18) 29. Nxf5 Rxf5 30.
Bd4 (30. Qe3 $142 $1 Nb7 31. f4 Nc5 32. Bd4 Ne4 33. Bxg7 $18) 30... Nb7 31. Qe2
$18 Nd8 32. Bb6 Rf6 33. Bxd8 Qxd8 34. Qa6 Bd6 35. Qc6 Kf8 36. Rd3 Qc7 37. Qa8+
Qb8 38. Qxa5 Be5 39. Rxe5 Qxe5 40. Qd8# 1-0

[Event "34th Chess Olympiad (men)"]
[Site "Istanbul"]
[Date "2000.11.04"]
[Round "7.25.1"]
[White "Zaw, Win"]
[Black "Arduman, Can"]
[WhiteElo "2578"]
[BlackElo "2397"]
[WhiteCountry "MYA"]
[BlackCountry "TURA"]
[Result "1/2-1/2"]

1. e4 c5 2. Nf3 Nc6 3. d4 cxd4 4. Nxd4 Nf6 5. Nc3 e5 6. Ndb5 d6 7. Bg5 a6 
8. Na3 b5 9. Nd5 Be7 10. Bxf6 Bxf6 11. c3 O-O 12. Nc2 Bg5 13. a4 bxa4 
14. Rxa4 a5 15. Bc4 Rb8 16. b3 Kh8 17. O-O f5 18. exf5 Bxf5 19. Nce3 Be6 
20. Qd3 Qd7 21. Raa1 Bf7 22. f3 Qa7 23. Kh1 Qc5 24. Ng4 Bg6 25. Qe2 Bf7 
26. Rfd1 Ne7 27. Nxe7 Bxe7 28. Bxf7 Rxf7 29. Qc2 Bd8 30. Nf2 d5 31. c4 d4 
32. Ne4 Qc6 33. Rxa5 Bxa5 34. Ng5 e4 35. Nxf7+ Kg8 36. Ne5 d3 37. Qb2 Qf6 
38. Qd4 Rd8 39. Qxe4 d2 40. g3 Bc3 41. f4 h6 42. Kg2 Qb6 43. c5 Qxb3 
44. Qc4+ Qxc4 45. Nxc4 Rc8 46. Nxd2 Bxd2 47. Rxd2 Rxc5 48. Kf3 Rc4 49. Rd7 Kh7 
50. f5 Kg8 51. h3 Ra4 52. Re7 Rb4 53. g4 Kf8 54. Re4 Rb1 55. h4 h5 
56. gxh5 Rf1+ 57. Kg4 Kf7 58. Kg5 Rg1+ 59. Rg4 Rf1 60. Rg2 Rf3 61. Ra2 Rg3+ 
62. Kf4 Rg1 63. Ra7+ Kf6 64. Ra6+ Kf7 65. h6 gxh6 66. Rxh6 Rf1+ 67. Kg4 Rg1+ 
68. Kh5 Rf1 
1/2-1/2

[Event "34th Chess Olympiad (men)"]
[Site "Istanbul"]
[Date "2000.11.04"]
[Round "7.25.2"]
[White "Soylu, Suat"]
[Black "Aung, Aung"]
[WhiteElo "2345"]
[BlackElo "2520"]
[WhiteCountry "TURA"]
[BlackCountry "MYA"]
[Result "1-0"]

1. e4 c5 2. Nf3 e6 3. d4 cxd4 4. Nxd4 Nf6 5. Nc3 Nc6 6. Ndb5 d6 7. Bf4 e5 
8. Bg5 a6 9. Na3 b5 10. Bxf6 gxf6 11. Nd5 f5 12. c3 Bg7 13. exf5 Bxf5 
14. Nc2 Be6 15. Nce3 O-O 16. Bd3 f5 17. Bc2 Ne7 18. Nxe7+ Qxe7 19. Bxf5 Kh8 
20. Bxe6 Qxe6 21. O-O a5 22. Qd5 Qxd5 23. Nxd5 Rfb8 24. a3 Ra7 25. Rfe1 Kg8 
26. Rad1 Kf7 27. f3 Bf8 28. Re4 Ke6 29. g4 Kd7 30. Kg2 Kc6 31. Kg3 Be7 
32. h4 Bd8 33. f4 exf4+ 34. Rxf4 Rg7 35. Rf5 Rbb7 36. Rf8 Rbd7 37. Rd2 h5 
38. Rd4 hxg4 39. Nf6 Rdf7 40. Rxd8 Rxf6 41. Rxg4 Rxg4+ 42. Kxg4 Rf2 43. b4 a4 
44. h5 Kd5 45. Rc8 Ke4 46. h6 Rg2+ 47. Kh5 Rh2+ 48. Kg6 Rg2+ 49. Kf6 Rh2 
50. Kg7 Rg2+ 51. Kh8 Kd3 52. h7 Kc2 53. c4 bxc4 54. b5 
1-0

[Event "34th Chess Olympiad (men)"]
[Site "Istanbul"]
[Date "2000.11.04"]
[Round "7.26.2"]
[White "Spraggett, Kevin"]
[Black "Bastidas, Rodriguez Emilio Jos"]
[WhiteElo "2501"]
[BlackElo "2334"]
[WhiteCountry "CAN"]
[BlackCountry "ECU"]
[Result "1-0"]

1. c4 Nf6 2. Nf3 e6 3. Nc3 d5 4. e3 Be7 5. d4 O-O 6. Bd3 b6 7. b3 Bb7 
8. O-O Ne4 9. Ne2 Nd7 10. Bb2 Bd6 11. Rc1 Qe7 12. Ng3 f5 13. Qe2 c6 14. Rc2 a5 
15. a4 Rae8 16. Rb1 Rf6 17. Ne5 Rh6 18. cxd5 Bxe5 19. dxe5 Qh4 20. h3 cxd5 
21. Bxe4 dxe4 22. Qb5 Qd8 23. Rd1 Bd5 24. Rxd5 exd5 25. Qxd5+ Rhe6 26. Rd2 g6 
27. Ne2 
1-0

[Event "34th Chess Olympiad (men)"]
[Site "Istanbul"]
[Date "2000.11.04"]
[Round "7.26.3"]
[White "Mera, Cedeno Angel"]
[Black "Zugic, Igor"]
[WhiteElo "2376"]
[BlackElo "2399"]
[WhiteCountry "ECU"]
[BlackCountry "CAN"]
[Result "1-0"]

1. c4 Nf6 2. Nf3 e6 3. g3 d5 4. Bg2 Be7 5. O-O O-O 6. b3 c5 7. Bb2 Nc6 
8. cxd5 exd5 9. d4 Re8 10. Nc3 Bf5 11. dxc5 Bxc5 12. Rc1 Rc8 13. Nh4 Be6 
14. e3 Bf8 15. Ne2 Ne4 16. Nf4 Qa5 17. Nxe6 fxe6 18. Bxe4 dxe4 19. Qc2 Rcd8 
20. Bc3 Qa6 21. Qxe4 Qxa2 22. Nf3 h6 23. Qc4 Qa3 24. Nh4 Qc5 25. Qg4 Qe7 
26. f4 Rd3 27. Ng6 Qf7 28. e4 Kh7 29. Nh4 Be7 30. Ng2 Qg6 31. Qe2 Rd7 
32. Kh1 Bf6 33. e5 Be7 34. g4 Qd3 35. Qe1 Rf8 36. Rf2 Qg6 37. h3 Rd3 
38. Kh2 Rfd8 39. f5 Qe8 40. f6 Bc5 41. f7 Qd7 42. Qe4+ Kh8 43. Nh4 
1-0

[Event "34th Chess Olympiad (men)"]
[Site "Istanbul"]
[Date "2000.11.04"]
[Round "7.26.4"]
[White "Yoos, Jack"]
[Black "Munoz, Sotomayor Hugo"]
[WhiteElo "2000"]
[BlackElo "2322"]
[WhiteCountry "CAN"]
[BlackCountry "ECU"]
[Result "1-0"]

1. e4 c5 2. Nf3 e6 3. d4 cxd4 4. Nxd4 Nc6 5. Nb5 d6 6. Bf4 e5 7. Be3 Nf6 
8. Bg5 a6 9. Bxf6 gxf6 10. N5c3 Be6 11. Nd2 f5 12. exf5 Bxf5 13. Nc4 Be6 
14. Ne3 Bh6 15. Ned5 O-O 16. Qh5 Bg7 17. O-O-O f5 18. g4 Bf7 19. Qh3 Qg5+ 
20. f4 Qxg4 21. Qe3 Qh4 22. Rg1 Kh8 23. Qb6 Rab8 24. Rg3 Qd8 25. Qf2 Bh5 
26. Be2 Bxe2 27. Nxe2 Qa5 28. Ra3 Qc5 29. Qh4 Nb4 30. Nxb4 Qxb4 31. Rh3 h6 
32. Rg1 exf4 33. Qxh6+ 
1-0

[Event "34th Chess Olympiad (men)"]
[Site "Istanbul"]
[Date "2000.11.04"]
[Round "7.27.1"]
[White "Zulfugarli, Magomed"]
[Black "Baburin, Alexander"]
[WhiteElo "2510"]
[BlackElo "2590"]
[WhiteCountry "AZE"]
[BlackCountry "IRL"]
[Result "1/2-1/2"]

1. e4 Nf6 2. e5 Nd5 3. d4 d6 4. Nf3 dxe5 5. Nxe5 g6 6. Bc4 c6 7. Nd2 Bg7 
8. Ndf3 O-O 9. O-O Bf5 10. Re1 Nd7 11. h3 Nxe5 12. Nxe5 Qc7 13. c3 Rad8 
14. Qf3 Qd6 15. Bb3 c5 16. dxc5 Qxc5 17. Ng4 Bxg4 18. Qxg4 b5 19. Qf3 b4 
20. cxb4 Nxb4 21. Be3 Qa5 22. Red1 e6 23. Rxd8 Rxd8 24. Rd1 Rxd1+ 25. Qxd1 Nd5 
26. Bd4 Bxd4 27. Qxd4 Ne7 28. g3 Nf5 29. Qc3 Qxc3 30. bxc3 Nd6 31. Kf1 Ne4 
32. Ke2 Kf8 33. Ke3 Nxc3 34. Kd4 Ne2+ 35. Ke3 Nc3 36. Kd4 Nb5+ 37. Kc5 Nc3 
38. Kd4 Ne2+ 39. Ke3 Nc3 
1/2-1/2

[Event "34th Chess Olympiad (men)"]
[Site "Istanbul"]
[Date "2000.11.04"]
[Round "7.27.2"]
[White "Quinn, Mark"]
[Black "Maherramzade, Javad"]
[WhiteElo "2381"]
[BlackElo "2433"]
[WhiteCountry "IRL"]
[BlackCountry "AZE"]
[Result "0-1"]

1. d4 Nf6 2. c4 e6 3. Nf3 Bb4+ 4. Nbd2 O-O 5. a3 Be7 6. e4 d5 7. e5 Nfd7 
8. b4 a5 9. b5 c5 10. Qc2 cxd4 11. cxd5 exd5 12. Bd3 h6 13. Nb3 a4 
14. Nbxd4 Nc5 15. O-O Nbd7 16. Bf5 Nb6 17. Rd1 Nc4 18. Rb1 Qb6 19. Qe2 Re8 
20. Qf1 Bf8 21. Bc2 Nxe5 22. Nxe5 Rxe5 23. Nf3 Re8 24. Rxd5 Be6 25. Rd4 Bb3 
26. Bxb3 Nxb3 27. Rf4 Nxc1 28. Qxc1 Qc5 29. Rc4 Qxa3 30. Qxa3 Bxa3 31. Kf1 Bf8 
32. Nd4 g6 33. Ra1 a3 34. Ra2 Rad8 35. f3 b6 36. Ne2 Rc8 37. Ra4 Red8 
38. Ke1 Rd5 
0-1

[Event "34th Chess Olympiad (men)"]
[Site "Istanbul"]
[Date "2000.11.04"]
[Round "7.27.3"]
[White "Mirzoev, Azer"]
[Black "Heidenfeld, Mark"]
[WhiteElo "2414"]
[BlackElo "2375"]
[WhiteCountry "AZE"]
[BlackCountry "IRL"]
[Result "1-0"]

1. d4 e6 2. Nf3 f5 3. c4 Nf6 4. Nc3 Bb4 5. Qb3 c5 6. e3 O-O 7. Bd3 Na6 
8. O-O b6 9. a3 Bxc3 10. Qxc3 Bb7 11. b4 d6 12. Bb2 Qe7 13. Nd2 Rac8 
14. Qb3 Nd7 15. f3 e5 16. bxc5 exd4 17. exd4 Naxc5 18. dxc5 Nxc5 19. Qc3 Na4 
20. Rae1 Qd7 21. Qd4 
1-0

[Event "34th Chess Olympiad (men)"]
[Site "Istanbul"]
[Date "2000.11.04"]
[Round "7.28.1"]
[White "Sarsam, Abdulla"]
[Black "Annageldyev, Orazly"]
[WhiteElo "2423"]
[BlackElo "2491"]
[WhiteCountry "IRQ"]
[BlackCountry "TKM"]
[Result "0-1"]

1. d4 Nf6 2. c4 e6 3. Nc3 Bb4 4. e3 b6 5. Nf3 Bb7 6. Be2 Ne4 7. Bd2 Bxc3 
8. Bxc3 O-O 9. O-O d6 10. Rc1 Nd7 11. Nd2 Qg5 12. Nxe4 Bxe4 13. Bf3 f5 
14. g3 Nf6 15. Bg2 Rae8 16. Re1 Bxg2 17. Kxg2 Qh6 18. f3 g5 19. d5 e5 
20. e4 fxe4 21. fxe4 Qg6 22. Qd3 Re7 23. Rc2 Ref7 24. Rf2 Ng4 25. Rxf7 Qxf7 
26. Qe2 Qf2+ 27. Kh3 Nxh2 28. Qxf2 Rxf2 29. Rh1 g4+ 30. Kh4 Kg7 31. Kh5 Rf6 
32. Kg5 Rg6+ 33. Kf5 Nf1 
0-1

[Event "34th Chess Olympiad (men)"]
[Site "Istanbul"]
[Date "2000.11.04"]
[Round "7.28.2"]
[White "Ovezov, Artek"]
[Black "Ali, Mohammed"]
[WhiteElo "2366"]
[BlackElo "2307"]
[WhiteCountry "TKM"]
[BlackCountry "IRQ"]
[Result "0-1"]

1. e4 g6 2. Nf3 Bg7 3. d4 d6 4. Be2 Nf6 5. Nc3 O-O 6. O-O a6 7. Bg5 h6 
8. Bh4 g5 9. Bg3 Nh5 10. Qd3 Nxg3 11. hxg3 Nc6 12. d5 Nb8 13. Nd2 e6 14. f4 Nd7 
15. Rae1 Qe7 16. Qe3 c5 17. Qf3 e5 18. Nd1 exf4 19. gxf4 gxf4 20. Qxf4 Ne5 
21. c3 Qg5 22. Ne3 Qxf4 23. Rxf4 b5 24. Bh5 Nd3 25. Ref1 Nxf4 26. Rxf4 Be5 
27. Rf3 a5 28. Bg4 Bxg4 29. Nxg4 Kg7 30. Ne3 f6 31. Kf2 a4 32. Ke2 h5 
33. Kd3 Kf7 34. Nf5 Rh8 35. Rh3 Rag8 36. g3 Ke8 37. Nf3 Kd7 38. Nd2 c4+ 
39. Ke3 a3 40. bxa3 Bxc3 41. Nd4 Rb8 42. Nb1 Ba1 43. Rh2 Rhg8 44. Rh3 Bb2 
45. Ne6 Rh8 46. Nd4 Rhg8 47. Nd2 Bxa3 48. Rxh5 Bc5 49. Rh7+ Kc8 50. N2f3 Rb7 
51. Rh6 Rxg3 52. Kf4 Rgg7 53. Rh8+ Kc7 54. Ne6+ Kb6 55. Nxg7 Rxg7 56. Rh2 b4 
57. Kf5 Rg3 58. Nd2 Kb5 59. Kxf6 Rd3 60. Ke6 Be3 61. Nf1 Bf4 62. Rf2 c3 
63. Rc2 Rd1 
0-1

[Event "34th Chess Olympiad (men)"]
[Site "Istanbul"]
[Date "2000.11.04"]
[Round "7.28.3"]
[White "Hussein, N.A."]
[Black "Grigoryan, Karen"]
[WhiteElo "2368"]
[BlackElo "2399"]
[WhiteCountry "IRQ"]
[BlackCountry "TKM"]
[Result "1/2-1/2"]

1. e4 c5 2. Nf3 e6 3. d4 cxd4 4. Nxd4 Nc6 5. g3 d5 6. Bg2 Qb6 7. Nb3 dxe4 
8. Bxe4 Nf6 9. Bg2 Be7 10. O-O O-O 11. c4 e5 12. Be3 Qa6 13. N1d2 Bf5 
14. Bc5 Bxc5 15. Nxc5 Qb6 16. Nde4 Nxe4 17. Nxe4 Qxb2 18. Qb3 Qxb3 
19. axb3 Bxe4 20. Bxe4 a5 21. Ra4 Nd4 22. Ra3 Rab8 23. Rxa5 f5 24. Bd5+ Kh8 
25. Ra3 e4 26. Kg2 Rf6 27. Rd1 Nf3 28. Bxb7 g5 29. Rd7 g4 30. c5 Rh6 
31. h4 gxh3+ 32. Kh1 Ne5 33. Rc7 Nd3 34. Ra2 Rd8 35. c6 Ne5 36. Rc8 Rxc8 
37. Bxc8 Rxc6 38. Bxf5 Nf3 39. Ra1 Ng5 40. Re1 Rf6 41. Bxe4 Re6 42. f3 Nxf3 
43. Rf1 Nd2 44. Bf5 Re3 45. Rd1 Re2 46. Bg4 Rf2 47. Bxh3 Nxb3 
1/2-1/2

[Event "34th Chess Olympiad (men)"]
[Site "Istanbul"]
[Date "2000.11.04"]
[Round "7.28.4"]
[White "Odeev, Handszar"]
[Black "Maftool, Abdul Hadi"]
[WhiteElo "2442"]
[BlackElo "2266"]
[WhiteCountry "TKM"]
[BlackCountry "IRQ"]
[Result "1-0"]

1. e4 c5 2. Nf3 e6 3. d4 cxd4 4. Nxd4 a6 5. Be2 Qc7 6. O-O Nf6 7. Nc3 Nc6 
8. Kh1 Be7 9. f4 d6 10. Be3 O-O 11. Qe1 Bd7 12. Qg3 Kh8 13. Rae1 Rac8 14. a3 b5 
15. Bd3 g6 16. Nxc6 Bxc6 17. Bd4 Kg8 18. f5 e5 19. Be3 Qb7 20. Bh6 Rfe8 
21. Re3 a5 22. a4 bxa4 23. Bc4 d5 24. exd5 Nxd5 25. Nxd5 Bxd5 26. Qxe5 Bxg2+ 
27. Kg1 Bf8 28. Qxe8 Bxf1 29. Bxf7+ Qxf7 30. Qxc8 Bb5 31. Qxf8+ Qxf8 
32. Bxf8 Kxf8 33. fxg6 hxg6 34. Re5 Bd7 35. Rxa5 Ke7 36. Kf2 Kd6 37. Ke3 
1-0